AIU'S VIEWS ON THE REVISION OF PAY SCALE OF TEACHERS AND OTHER ACADEMIC STAFF OF UNIVERSITIES AND COLLEGES FOR CONSIDERATION OF THE UGC'S 7TH PAY REVIEW COMMITTEE (Record no. 5699)

MARC details
000 -LEADER
fixed length control field 00499nam a22001337a 4500
005 - DATE AND TIME OF LATEST TRANSACTION
control field 20180529143356.0
008 - FIXED-LENGTH DATA ELEMENTS--GENERAL INFORMATION
fixed length control field 180529b xxu||||| |||| 00| 0 eng d
041 ## - LANGUAGE CODE
Language code of text/sound track or separate title eng
100 ## - MAIN ENTRY--AUTHOR NAME
Personal name QAMAR, PROF. FURQAN AND CHAUHAN, DR. R.K.
245 ## - TITLE STATEMENT
Title AIU'S VIEWS ON THE REVISION OF PAY SCALE OF TEACHERS AND OTHER ACADEMIC STAFF OF UNIVERSITIES AND COLLEGES FOR CONSIDERATION OF THE UGC'S 7TH PAY REVIEW COMMITTEE
260 ## - PUBLICATION, DISTRIBUTION, ETC. (IMPRINT)
Place of publication NEW DELHI
Name of publisher ASSOCIATION OF INDIAN UNIVERSITIES
300 ## - PHYSICAL DESCRIPTION
Number of Pages 36P
942 ## - ADDED ENTRY ELEMENTS (KOHA)
Koha item type Books
Holdings
Lost status Damaged status Home library Current library Date acquired Accession Number Koha item type
    JRU Library   29/05/2018 22347 Books